Villes de confluence & embouchures français (niveau facile) - Statistiques

Statistiques générales
  • Ce quiz a été pris 319 fois
  • Le résultat moyen est 12 sur 17
Statistiques - réponses
Hint Réponse % Correct
Garonne Bordeaux / Royan
97%
Rhône - Saône Lyon
83%
Rhin - Ill Strasbourg
82%
Seine Le Havre / Honfleur
78%
Loire Saint-Nazaire
78%
Vilaine - Ille Rennes
77%
Moselle - Meurthe Nancy / Frouard
76%
Loire - Erdre/Sèvre nantaise Nantes
75%
Loire - Loiret Orléans / Saint-Pryvé-Saint-Mesmin
73%
Loire - Maine (et Mayenne - Sarthe) Angers
71%
Loire - Cher Tours / Berthenay
69%
Sarthe - Huisne Le Mans
66%
Seine - Marne Paris / Alfortville
65%
Loire - Nièvre (et Loire - Allier) Nevers
61%
Rhône - Durance Avignon
58%
Var Nice
58%
Rhône Arles / Port-Saint-Louis-du-Rhône
51%
Aucun quiz correspondant
Distribution des résultats
% des personnes avec chaque résultat
Percentile par nombre de réponses
Votre historique - résultats
Vous n’avez pas pris ce quiz